Online
Catalog
Normal view MARC view

Entry Nombre corporativo

Number of records used in: 5

001 - NÚMERO DE CONTROL

  • campo de control: 1150

003 - IDENTIFICADOR DEL NÚMERO DE CONTROL

  • campo de control: OSt

005 - FECHA Y HORA DE LA ÚLTIMA TRANSACCIÓN

  • campo de control: 20200615031949.0

008 - DATOS DE LONGITUD FIJA

  • campo de control de longitud fija: 200615|| aca||aabn | a|a d

040 ## - FUENTE DE LA CATALOGACIÓN

  • Centro catalogador/agencia de origen: OSt
  • Centro/agencia transcriptor: OSt

110 ## - ENCABEZAMIENTO-NOMBRE DE ENTIDAD CORPORATIVA

  • Nombre de entidad corporativa o nombre de jurisdicción como elemento de entrada: República Dominicana
  • Unidad subordinada: Consejo Nacional de Seguridad Social

670 ## - FUENTE DE DATOS ENCONTRADOS

  • Cita de la fuente: Work cat.: (OSt)338: República Dominicana 447, Ley no. 87-01 que crea el sistema dominicano de seguridad social y sus modificaciones., 2009.

Powered by Koha